| 000 | 00674nam a2200169Ia 4500 | ||
|---|---|---|---|
| 003 | GCL | ||
| 008 | 140319s9999 xx 000 0 ara d | ||
| 040 |
_aGCL / _cGCL |
||
| 082 | 0 | 4 |
_a961.208 _bن ص |
| 100 | 1 | _aنخبة من الخبراء العرب | |
| 245 | 1 | 0 |
_aالصراع على ليبيا بالوثائق: قصة الطائرة الامريكية والصدام بين ليبيا والغرب / _cنخبة من الخبراء العرب |
| 300 | _a325 ص | ||
| 490 |
_aالهيئة العامة للاستعلامات _v0 |
||
| 650 | 0 | 4 | _aليبيا - تاريخ - العصر الحديث |
| 650 | 0 | 4 | _aليبيا - معمر القذافى 1969 |
| 942 |
_2ddc _cBK |
||
| 999 |
_c51927 _d51927 |
||